000 00460nam a2200181Ia 4500
005 20250326141222.0
008 250326s9999 xx 000 0 und d
037 _aTextbook
040 _aFMSL
_beng
_cFMSL
041 _aeng
_2eng
084 _qFMSL
100 _aChandha S M
_9743967
245 0 _aEicher city map Delhi
_cChandha S M
260 _aDelhi
_bDelhi, Elcher Goodearth
_c1996
300 _a295p
942 _cTB
999 _c1289284
_d1289284